| 000 | 00800cab a2200253 4500 | ||
|---|---|---|---|
| 001 | WB3316-01 | ||
| 008 | 090401t1997 xxu||||| |||| 00| 0 eng d | ||
| 035 | _a(Sirsi) u77953 | ||
| 041 | _aeng | ||
| 245 | _aHouse and garden subsidence | ||
| 260 | _c1997 | ||
| 350 | _a0 | ||
| 490 |
_aDaily Telegraph _v25 April 1997,7(3) |
||
| 490 |
_aYorkshire Post _v25 April 1997, 3 |
||
| 520 | _aA 120ft water-filled hole opened up just 10ft away from a house in Ripon. The land is prone to subsidence because of deposits of gypsum which dissolve on contact with water. | ||
| 650 | _aDOMESTIC PROPERTY | ||
| 650 | _aGYPSUM DEPOSITS | ||
| 650 | _aNORTH YORKSHIRE | ||
| 650 | _aRIPON | ||
| 650 | _aSUBSIDENCE | ||
| 690 | _aBUILT ENVIRONMENT-BUILDING PATHOLOGY | ||
| 942 | _n0 | ||
| 948 | _c25/04/1997 | ||
| 999 |
_c49024 _d49024 |
||